Evaluación escolar, ¿resultados o procesos?: investigación, reflexión y análisis crítico

Enregistré dans:
Détails bibliographiques
Auteurs principaux: Pérez Abril, Mauricio (Auteur), Bustamante Zamudio, Guillermo (Auteur)
Format: Livre
Langue:espagnol
Publié: Bogotá Magisterio 1996
Édition:2a. ed
Collection:Colección Mesa Redonda, 39
Sujets:
Tags: Ajouter un tag
Pas de tags, Soyez le premier à ajouter un tag!

MARC

LEADER 00000cam a2200000 a 4500
001 UCO9491
003 CL-VaPUC
008 010302e19960000CK |||||||||||||||||spa|d
020 |a 9582002581 
082 0 4 |a 370.78  |b PER  |2 21 
100 0 |a Pérez Abril, Mauricio  |e author  |9 454682 
700 0 |a Bustamante Zamudio, Guillermo  |e author  |9 454683 
245 1 0 |a Evaluación escolar, ¿resultados o procesos?: investigación, reflexión y análisis crítico 
250 |a 2a. ed 
300 |a 183 p 
942 |c BK 
945 |d 20010302 00:00:00  |a cmena 
260 |a Bogotá  |b Magisterio  |c 1996 
650 0 |a Evaluación de la educación   |9 237505 
650 0 |a Investigación educacional   |9 261192 
650 0 |a Objetividad   |9 319331 
650 0 |a Filosofía de la educación   |9 258384 
650 0 |a Calidad de la educación   |9 307271 
650 7 |a EDUCACION COMPARADA  |2 CL-VaPUC  |9 307694 
583 |a last modification  |c 20190507 09:26:48  |k Rodrigo Vera 
490 0 |a Colección Mesa Redonda, 39 
999 |c 293696  |d 293694 
952 |0 0  |1 0  |4 0  |6 370_780000000000000_PER_1996  |7 0  |8 A  |9 345389  |a FDOPOS  |b FDOPOS  |d 2019-11-20  |i 368931K  |o 370.78 PER 1996  |p 368931K  |r 2025-01-22  |w 2019-11-20  |y BK  |k MLA 
952 |0 0  |1 0  |4 0  |6 370_780000000000000_PER_1996  |7 0  |8 A  |9 345390  |a BIBEDU  |b BIBEDU  |c ES_NOD  |d 2019-11-20  |i 4225031  |l 1  |m 1  |o 370.78 PER 1996  |p 4225031  |r 2023-08-09  |s 2023-03-31  |w 2019-11-20  |y BK  |k EDU